El preescolar de 2 a 5 años

Guardat en:
Dades bibliogràfiques
Autors principals: Stone, L. Joseph (Autor), Church, J (Autor)
Format: Llibre
Idioma:espanyol
Publicat: Buenos Aires Paidós 1969
Col·lecció:Biblioteca del educador contemporáneo, 115
Matèries:
Etiquetes: Afegir etiqueta
Sense etiquetes, Sigues el primer a etiquetar aquest registre!

MARC

LEADER 00000nam a2200000 a 4500
001 UCY8088
003 CL-VaPUC
008 950623e19690000AG |||||||||||||||||spa|d
082 0 4 |a 370.15  |b STO  |2 21 
100 0 |a Stone, L. Joseph  |e author  |9 339201 
700 0 |a Church, J  |e author  |9 339202 
245 1 3 |a El preescolar de 2 a 5 años 
300 |a 168 p 
942 |c BK 
945 |d 19950623 00:00:00  |a cmena 
260 |a Buenos Aires  |b Paidós  |c 1969 
650 0 |a Psicología educacional   |9 307830 
650 0 |a Psicología del niño  |9 307305 
650 0 |a Niños de edad preescolar  |9 335607 
650 0 |a Educación preescolar  |9 260381 
650 0 |a Relaciones interpersonales  |9 307056 
650 7 |a JUEGO  |2 CL-VaPUC  |9 311404 
650 0 |a Desarrollo mental   |9 313003 
650 0 |a Desarrollo individual   |9 307875 
583 |a last modification  |c 19950623 00:00:00  |k Rodrigo Vera 
490 0 |a Biblioteca del educador contemporáneo, 115 
999 |c 235368  |d 235366 
952 |0 0  |1 0  |4 0  |6 370_150000000000000_STO_1969  |7 0  |8 P  |9 242743  |a BIBEDU  |b BIBEDU  |c BIBEDU_PB  |d 2019-11-18  |i 1522310  |o 370.15 STO 1969  |p 1522310  |r 2024-01-25  |w 2019-11-18  |y BK  |k EDU